High resolution x-ray spectroscopy of cosmic plasmas (Record no. 9971)

MARC details
000 -LEADER
fixed length control field 00760nam a2200229Ia 4500
003 - CONTROL NUMBER IDENTIFIER
control field IN-BaIIA
008 - FIXED-LENGTH DATA ELEMENTS--GENERAL INFORMATION
fixed length control field 211028s9999 xx 000 0 eng d
020 ## - INTERNATIONAL STANDARD BOOK NUMBER
International Standard Book Number 0-521-37018-3
040 ## - CATALOGING SOURCE
Transcribing agency IIA Library
080 ## - UNIVERSAL DECIMAL CLASSIFICATION NUMBER
Universal Decimal Classification number 082.2:52
Item number IAU-C115
245 #0 - TITLE STATEMENT
Title High resolution x-ray spectroscopy of cosmic plasmas
Statement of responsibility, etc. edited by P. Gorenstein and M. Zombeck
260 ## - PUBLICATION, DISTRIBUTION, ETC.
Place of publication, distribution, etc. Cambridge
Name of publisher, distributor, etc. Cambridge University Press
Date of publication, distribution, etc. 1990
300 ## - PHYSICAL DESCRIPTION
Extent xiii, 392p.
490 ## - SERIES STATEMENT
Series statement IAU Colloquium; no.115
650 ## - SUBJECT ADDED ENTRY--TOPICAL TERM
Topical term or geographic name entry element Astronomy and Astrophysics Thesaurus
650 ## - SUBJECT ADDED ENTRY--TOPICAL TERM
Topical term or geographic name entry element Cosmic plasmas
9 (RLIN) 6289
650 ## - SUBJECT ADDED ENTRY--TOPICAL TERM
Topical term or geographic name entry element spectroscopy
9 (RLIN) 1535
650 ## - SUBJECT ADDED ENTRY--TOPICAL TERM
Topical term or geographic name entry element X-ray
9 (RLIN) 14967
700 ## - ADDED ENTRY--PERSONAL NAME
Personal name Gorenstein, P., ed.
9 (RLIN) 16925
700 ## - ADDED ENTRY--PERSONAL NAME
Personal name Zombeck, M., ed.
9 (RLIN) 16926
942 ## - ADDED ENTRY ELEMENTS (KOHA)
Koha item type Books
Holdings
Withdrawn status Lost status Damaged status Not for loan Home library Current library Shelving location Date acquired Cost, normal purchase price Total Checkouts Full call number Barcode Date last seen Cost, replacement price Price effective from Koha item type Purchase Price
        IIA Library-Bangalore IIA Library-Bangalore General Stacks   1239.00   082.2:52/ IAU-C115 10881 05/11/2021 1239.00   Books Rs. 1239

Powered by Koha